table de 3 jusqu'à 20 - Statistiques

Statistiques générales
  • Ce quiz a été pris 62 fois
  • Le résultat moyen est 10 sur 10
Statistiques - réponses
calcul réponse % Correct
4 x 3 12
100%
5 x 3 15
100%
6 x 3 18
100%
8 x 3 24
100%
9 x 3 27
100%
1 x 3 3
100%
11 x 3 33
100%
12 x 3 36
100%
13 x 3 39
100%
15 x 3 45
100%
2 x 3 6
100%
20 x 3 60
100%
3 x 3 9
100%
10 x 3 30
97%
7 x 3 21
95%
14 x 3 42
95%
16 x 3 48
95%
17 x 3 51
93%
18 x 3 54
92%
19 x 3 57
92%
Aucun quiz correspondant
Distribution des résultats
% des personnes avec chaque résultat
Percentile par nombre de réponses
Votre historique - résultats
Vous n’avez pas pris ce quiz